Normale Ansicht MARC-Ansicht ISBD

Putešestvie iz Peterburga v Moskvu : (Titelsatznr. 47376)

[ MARC ]
MARC-Details
000 -Satzkennung
Kontrollfeld mit fester Länge 00699nac a22002531ca4500
001 - Kontrollnummer
Kontrollfeld a987677397
008 - Feld mit fester Länge zur physischen Beschreibung - Allgemeine Angaben
Kontrollfeld mit fester Länge 170707s2015 gw |||| 000u rus d
041 ## - Sprachcode
Sprachcode des Textes/der Tonspur oder des separaten Titels rus
040 ## - Katalogisierungsquelle
Übertragungsstelle RU-10907106
003 - Kontrollnummer Identifier
Kontrollfeld RU-10907106
245 00 - Titel
Titel Putešestvie iz Peterburga v Moskvu :
Zusatz zum Titel 222 goda spustja
264 ## - Produktion, Veröffentlichung, Distribution, Herstellung und Urheberrechtsvermerk
Herstellungs-, Veröffentlichungs- Vertriebs-, Erzeugungsort Moskva :
Produzent, Herausgeber, Distributor, Hersteller URSS,
Datum der Herstellung, der Veröffentlichung, des Vertriebs oder des Urheberschutzvermerks 2015
650 #0 - Nebeneintragung unter einem Schlagwort - Sachschlagwort
Sachschlagwort oder geografischer Name als Eintragungselement Stadt
650 #0 - Nebeneintragung unter einem Schlagwort - Sachschlagwort
Sachschlagwort oder geografischer Name als Eintragungselement Dorf
650 #0 - Nebeneintragung unter einem Schlagwort - Sachschlagwort
Sachschlagwort oder geografischer Name als Eintragungselement Putešestvie iz Peterburga v Moskvu
651 #0 - Nebeneintragung unter einem Schlagwort - Geografischer Name
Geografischer Name Moskau
651 #0 - Nebeneintragung unter einem Schlagwort - Geografischer Name
Geografischer Name Sankt Petersburg
700 1# - Nebeneintragung - Personenname
Personenname Nefedova, Tat'jana G.
Funktionsbezeichnung HerausgeberIn
700 1# - Nebeneintragung - Personenname
Personenname Trejviš, Andrej I.
Funktionsbezeichnung HerausgeberIn
710 2# - Nebeneintragung - Körperschaftsname
Körperschafts- oder Gebietskörperschaftsname als Eintragungselement RAN / Institut geografii
710 2# - Nebeneintragung - Körperschaftsname
Körperschafts- oder Gebietskörperschaftsname als Eintragungselement Russkoe geografičeskoe obščestvo
942 ## - Zusätzliche Felder (Koha)
Koha-Medientyp Monographien
Exemplare
Ausgeschieden Verloren Beschädigt Nicht entleihbar Heimatbibliothek Aufenthaltsbibliothek Aufstellungsort Erwerbungsdatum Inventarnummer Signatur Barcode Letzte Aktivität Preis gültig von Koha-Medientyp
        MWN Osteuropa MWN Osteuropa Magazin - 2 07/07/2017 16-03382 Ersatzß T1, 2 R 72 f Nef 1 (Bd.) 47387 23/02/2021 22/03/2021 Monographien